| 000 | 00682nam a2200205Ia 4500 | ||
|---|---|---|---|
| 003 | OSt | ||
| 005 | 20230411112027.0 | ||
| 008 | 210423s2010 xx 000 0 und d | ||
| 020 | _a- | ||
| 040 | _cAL | ||
| 041 | _aeng | ||
| 082 |
_a370.02 GUPK _223 |
||
| 100 |
_aGUPTA (Kanchan);MALHOTRA (A M). _985993 |
||
| 245 | _aCSIR-UGC NET/SLET compulsory paper one - A: for junior research fellowship and lectureship exam. | ||
| 260 |
_aNew Delhi _bBright publication _c2010 |
||
| 300 |
_axvi,408 _bPB |
||
| 365 |
_b265 _cINR |
||
| 906 | _a- ; (A). ; (A): ; A: ; compulsory ; CSIR-UGC ; exam. ; fellowship ; junior ; lectureship ; NET/SLET ; one ; paper ; research | ||
| 942 |
_2ddc _cBK |
||
| 999 |
_c159075 _d159075 |
||